Dějiny matematiky ve starověku
Saved in:
| Format: | Book |
|---|---|
| Language: | Czech |
| Published: |
Praha
Academia ČSAV
1968
|
| Tags: |
No Tags, Be the first to tag this record!
|
MARC
| LEADER | 00000nam a2200000 4500 | ||
|---|---|---|---|
| 001 | c122469 | ||
| 005 | 20260323115409.4 | ||
| 041 | 0 | |a cze | |
| 044 | |a CZ | ||
| 245 | 1 | 0 | |a Dějiny matematiky ve starověku |c Arnošt Kolman ; [Z rus. orig. přel. Marcela Hedrlinová] |
| 264 | 1 | |a Praha |b Academia ČSAV |c 1968 | |
| 300 | |a 221 s. | ||